Statistics for Football - Best scorer for each national team

Click here to take the quiz!

General Stats

  • This quiz has been taken 48 times
  • The average score is 20 of 28

Answer Stats

Country Player Goals % Correct
ArgentinaLionel Messi70
97%
BrazilPelé77
92%
FranceThierry Henry51
90%
PortugalCristiano Ronaldo99
90%
BelgiumRomélu Lukaku52
87%
CameroonSamuel Eto'o56
87%
SwedenZlatan Ibrahimovic62
85%
IrelandRobbie Keane68
85%
Ivory CoastDidier Drogba65
85%
WalesGareth Bale33
85%
UruguayLuis Suarez59
82%
ChileAlexis Sanchez43
82%
MexicoJavier Hernandez52
79%
ColombiaRadamel Falcao34
79%
EnglandWayne Rooney53
79%
PolandRobert Lewandowski61
79%
AustraliaTim Cahill50
79%
SpainDavid Villa59
77%
GermanyMiroslav Klose71
77%
UkraineAndriy Shevchenko48
74%
NetherlandsRobin van Persie50
72%
CroatiaDavor Suker45
69%
Czech Rep.Jan Koller55
44%
ParaguayRoque Santa Cruz32
41%
TurkeyHakan Sukur51
38%
SwitzerlandAlexander Frei42
36%
ItalyLuigi Riva35
18%
RussiaAlexander Kerzhakov30
10%

Score Distribution

Percentile by Number Answered

Percent of People with Each Score

Your Score History

You have not taken this quiz